[Event "Madrid ch 2023-2024 Final"]
[Site "Madrid ESP"]
[Date "2024.05.25"]
[Round "1.1"]
[White "Alonso Garcia, Aaron"]
[Black "Vioque Gonzalez, Nicolas"]
[Result "0-1"]
[WhiteElo "2460"]
[BlackElo "2045"]
[PlyCount "104"]
[EventDate "2024.05.25"]
[EventType "swiss"]
[EventRounds "7"]
[SourceTitle "Ajedrez en Madrid"]
[Source "lmi"]
[SourceDate "2024.05.25"]
[SourceVersion "1"]
[SourceVersionDate "2024.06.01"]
[SourceQuality "1"]

1. e4 e5 2. Nf3 Nc6 3. Bb5 Nf6 4. d3 Bc5 5. c3 O-O 6. O-O d6 7. h3 Bb6 8. Nbd2
Ne7 9. Nc4 c6 10. Nxb6 axb6 11. Ba4 Ng6 12. Bc2 d5 13. exd5 cxd5 14. d4 e4 15.
Ne5 Qd6 16. Nxg6 fxg6 17. Be3 Nh5 18. c4 Bxh3 19. cxd5 Rae8 20. Re1 Qd7 21. Ba4
b5 22. gxh3 Qxh3 23. Bxb5 Ng3 24. fxg3 Qxg3+ 25. Kh1 Qh3+ 26. Kg1 Rf3 27. Re2
Rg3+ 28. Kf2 Rf8+ 29. Ke1 Rf1+ 30. Kd2 Rxd1+ 31. Rxd1 Qf5 32. Rf2 Rf3 33. Rxf3
exf3 34. Ba4 h5 35. Bc2 Qh3 36. Bd3 Qh2+ 37. Kc1 h4 38. Bxg6 Qe2 39. Bg1 f2 40.
Bxf2 Qxf2 41. Kb1 Qg2 42. Bc2 Kf8 43. d6 Ke8 44. Ba4+ Kd8 45. d7 Qe2 46. Rg1 b5
47. Bc2 h3 48. Bf5 Qf2 49. Rg5 h2 50. Rh5 Qe1+ 51. Kc2 Qe2+ 52. Kb3 Qc4+ 0-1

[Event "Madrid ch 2023-2024 Final"]
[Site "Madrid ESP"]
[Date "2024.05.25"]
[Round "1.2"]
[White "Rios Rebollo, Victor"]
[Black "Lianes Garcia, Marcos"]
[Result "0-1"]
[WhiteElo "2039"]
[BlackElo "2416"]
[PlyCount "98"]
[EventDate "2024.05.25"]
[EventType "swiss"]
[EventRounds "7"]
[SourceTitle "Ajedrez en Madrid"]
[Source "lmi"]
[SourceDate "2024.05.25"]
[SourceVersion "1"]
[SourceVersionDate "2024.06.01"]
[SourceQuality "1"]

1. d4 d5 2. c4 e6 3. Nc3 a6 4. e3 Nf6 5. Nf3 Nbd7 6. Qc2 b6 7. cxd5 exd5 8.
Nxd5 Nxd5 9. Qe4+ Ne5 10. Qxe5+ Be7 11. Bc4 Be6 12. O-O Bf6 13. Qe4 O-O 14. Qc2
c5 15. Bxd5 Qxd5 16. dxc5 Bf5 17. Qb3 Qxb3 18. axb3 bxc5 19. Ra5 Rfc8 20. Nd2
Bd3 21. Re1 Rab8 22. g3 Rc6 23. Kg2 h6 24. Ra3 Rcb6 25. Ra5 Rc8 26. Ra3 Rb4 27.
Ra5 Kh7 28. Ra3 Rc6 29. h3 g5 30. Ra5 Bg7 31. Ra3 f5 32. Ra5 Kg6 33. Ra3 Bf6
34. Ra5 h5 35. f4 g4 36. hxg4 hxg4 37. Kf2 Bd8 38. Ra3 Re6 39. Rh1 Bf6 40. Ra5
Rc6 41. Re1 Kg7 42. Rh1 Be7 43. Re1 Rh6 44. Kg2 Bb5 45. Rg1 Bc6+ 46. Kf2 Bd5
47. Ra3 Kf7 48. Ke2 Rh2+ 49. Kd3 Be4+ 0-1

[Event "Madrid ch 2023-2024 Final"]
[Site "Madrid ESP"]
[Date "2024.05.25"]
[Round "1.3"]
[White "Suarez Uriel, Adrian"]
[Black "Martin Rodriguez, Emilio"]
[Result "0-1"]
[WhiteElo "2401"]
[BlackElo "2037"]
[PlyCount "44"]
[EventDate "2024.05.25"]
[EventType "swiss"]
[EventRounds "7"]
[SourceTitle "Ajedrez en Madrid"]
[Source "lmi"]
[SourceDate "2024.05.25"]
[SourceVersion "1"]
[SourceVersionDate "2024.06.01"]
[SourceQuality "1"]

1. e4 c6 2. d4 d5 3. e5 c5 4. Nf3 Nc6 5. dxc5 Bg4 6. c3 e6 7. Be3 Nge7 8. Bd4
Bxf3 9. Qxf3 Nf5 10. Qd1 a6 11. Be2 Nfxd4 12. cxd4 Qa5+ 13. Nc3 Qb4 14. Rc1
Qxd4 15. Qxd4 Nxd4 16. Bd1 Rc8 17. b4 Be7 18. Ba4+ Kd8 19. O-O b6 20. cxb6 Rxc3
21. b7 Ne2+ 22. Kh1 Kc7 0-1

[Event "Madrid ch 2023-2024 Final"]
[Site "Madrid ESP"]
[Date "2024.05.25"]
[Round "1.4"]
[White "Bravo De La Vega, Alvaro"]
[Black "Moreno Ruiz, Javier"]
[Result "1/2-1/2"]
[WhiteElo "2027"]
[BlackElo "2399"]
[PlyCount "69"]
[EventDate "2024.05.25"]
[EventType "swiss"]
[EventRounds "7"]
[SourceTitle "Ajedrez en Madrid"]
[Source "lmi"]
[SourceDate "2024.05.25"]
[SourceVersion "1"]
[SourceVersionDate "2024.06.01"]
[SourceQuality "1"]

1. d4 Nf6 2. c4 e6 3. Nc3 Bb4 4. e3 b6 5. Nge2 Ne4 6. Qc2 Bb7 7. a3 Bxc3+ 8.
Nxc3 Nxc3 9. Qxc3 Qh4 10. b4 O-O 11. Bb2 d6 12. d5 e5 13. g3 Qe4 14. Rg1 Nd7
15. O-O-O Qf3 16. Qc2 f5 17. Bg2 Qh5 18. h3 Rae8 19. g4 fxg4 20. hxg4 Qg5 21.
Be4 Nf6 22. Bf5 Bc8 23. Rdf1 Bxf5 24. gxf5 Qh5 25. f4 exf4 26. Qg2 Qf7 27. Rxf4
Rxe3 28. Bd4 Re7 29. Qg5 Qe8 30. Re4 Nxe4 31. Qxg7+ Rxg7 32. Rxg7+ Kh8 33. Rf7+
Kg8 34. Rg7+ Kh8 35. Rf7+ 1/2-1/2

[Event "Madrid ch 2023-2024 Final"]
[Site "Madrid ESP"]
[Date "2024.05.25"]
[Round "1.5"]
[White "Martin Duque, Jesus"]
[Black "Gutierrez Diaz, Pablo"]
[Result "1-0"]
[WhiteElo "2343"]
[BlackElo "1994"]
[PlyCount "95"]
[EventDate "2024.05.25"]
[EventType "swiss"]
[EventRounds "7"]
[SourceTitle "Ajedrez en Madrid"]
[Source "lmi"]
[SourceDate "2024.05.25"]
[SourceVersion "1"]
[SourceVersionDate "2024.06.01"]
[SourceQuality "1"]

1. e4 c5 2. Nf3 Nc6 3. d4 cxd4 4. Nxd4 g6 5. c4 Bg7 6. Be3 Nf6 7. Nc3 Ng4 8.
Qxg4 Nxd4 9. Qd1 Ne6 10. Qd2 Qa5 11. Rc1 Nc5 12. f3 d6 13. Be2 Be6 14. b3 a6
15. O-O O-O 16. Nd5 Qd8 17. b4 Bxd5 18. exd5 Nd7 19. c5 dxc5 20. bxc5 Nf6 21.
Rfd1 Qd7 22. c6 Qc7 23. Bf4 Qb6+ 24. Be3 Qc7 25. Bf4 Qb6+ 26. Kh1 bxc6 27. dxc6
e6 28. Qd6 Rfc8 29. c7 Qxd6 30. Rxd6 Nd5 31. Rxa6 Bc3 32. Rxa8 Rxa8 33. Ba6
Nxc7 34. Bxc7 Rxa6 35. Rxc3 Rxa2 36. h4 Ra4 37. Be5 Rxh4+ 38. Kg1 f5 39. Rc7
Kf8 40. Bg7+ Kg8 41. Bf6 Rh5 42. Re7 Kf8 43. Rxe6 Kf7 44. Rb6 g5 45. Bb2 g4 46.
f4 g3 47. Be5 Ke7 48. Rb3 1-0

[Event "Madrid ch 2023-2024 Final"]
[Site "Madrid ESP"]
[Date "2024.05.25"]
[Round "1.6"]
[White "Blazquez Sanz, Oscar"]
[Black "Rey Martinez, Jaime"]
[Result "0-1"]
[WhiteElo "1965"]
[BlackElo "2313"]
[PlyCount "98"]
[EventDate "2024.05.25"]
[EventType "swiss"]
[EventRounds "7"]
[SourceTitle "Ajedrez en Madrid"]
[Source "lmi"]
[SourceDate "2024.05.25"]
[SourceVersion "1"]
[SourceVersionDate "2024.06.01"]
[SourceQuality "1"]

1. e4 c5 2. Nc3 g6 3. g3 Bg7 4. Bg2 Nc6 5. d3 e6 6. Nge2 Nge7 7. O-O O-O 8. f4
d5 9. f5 gxf5 10. exd5 exd5 11. Nf4 Be6 12. Kh1 Bh8 13. g4 d4 14. gxf5 dxc3 15.
Qg4+ Ng6 16. Nxe6 fxe6 17. fxg6 Rxf1+ 18. Bxf1 Bg7 19. Qxe6+ Kh8 20. Qh3 Qg8
21. Rb1 Rf8 22. Bg2 cxb2 23. Be3 Re8 24. Be4 c4 25. Rf1 c3 26. Qh5 Re5 27. Qh3
Rb5 28. gxh7 Qe8 29. Rb1 Rh5 30. Qg4 Ne5 31. Qg3 Qf7 32. d4 Qxa2 33. Rg1 Rxh7
34. Bxh7 Qd5+ 35. Qg2 Qxg2+ 36. Kxg2 Nc4 37. Kf3 Kxh7 38. d5 Nxe3 39. Kxe3 Bh6+
40. Ke4 Bc1 41. d6 b1=Q 42. d7 Qxc2+ 43. Kd5 Qd3+ 44. Ke6 Qe4+ 45. Kf7 Qd5+ 46.
Ke8 Qe6+ 47. Kd8 Qb6+ 48. Ke8 Qxg1 49. d8=Q Qg8+ 0-1

[Event "Madrid ch 2023-2024 Final"]
[Site "Madrid ESP"]
[Date "2024.05.25"]
[Round "1.7"]
[White "Alfaya Marcelo, Roberto"]
[Black "Vazquez Gonzalez, Jesus"]
[Result "1-0"]
[WhiteElo "2265"]
[BlackElo "1955"]
[PlyCount "43"]
[EventDate "2024.05.25"]
[EventType "swiss"]
[EventRounds "7"]
[SourceTitle "Ajedrez en Madrid"]
[Source "lmi"]
[SourceDate "2024.05.25"]
[SourceVersion "1"]
[SourceVersionDate "2024.06.01"]
[SourceQuality "1"]

1. d4 d5 2. c4 c6 3. Nf3 Nf6 4. cxd5 cxd5 5. Nc3 Bf5 6. Qb3 Qd7 7. Ne5 Qc8 8.
e4 Bxe4 9. Nxe4 Nxe4 10. Bb5+ Nc6 11. Qxd5 Nd6 12. Ba4 e6 13. Qf3 b5 14. Bxb5
Nxb5 15. Qxf7+ Kd8 16. Bg5+ Ne7 17. Rc1 Qxc1+ 18. Bxc1 Nxd4 19. O-O Rc8 20. Be3
Ne2+ 21. Kh1 Rc7 22. Qxe6 1-0

[Event "Madrid ch 2023-2024 Final"]
[Site "Madrid ESP"]
[Date "2024.05.25"]
[Round "1.8"]
[White "Martin Martin, Luis Vicente"]
[Black "Horcajuelo Rocamora, Martin"]
[Result "0-1"]
[WhiteElo "1953"]
[BlackElo "2242"]
[PlyCount "64"]
[EventDate "2024.05.25"]
[EventType "swiss"]
[EventRounds "7"]
[SourceTitle "Ajedrez en Madrid"]
[Source "lmi"]
[SourceDate "2024.05.25"]
[SourceVersion "1"]
[SourceVersionDate "2024.06.01"]
[SourceQuality "1"]

1. d4 Nf6 2. Bf4 d5 3. e3 c5 4. c3 Nc6 5. Nd2 Bf5 6. Ngf3 Qb6 7. Qb3 c4 8. Qxb6
axb6 9. a3 b5 10. Rc1 h6 11. h3 e6 12. Be2 Nd7 13. Bd1 f6 14. O-O Kf7 15. Bc2
Bxc2 16. Rxc2 e5 17. dxe5 fxe5 18. Bg3 Ke6 19. Nh4 Bc5 20. Rd1 Ne7 21. Nhf3 Nc6
22. Nf1 Nf6 23. Re2 Rad8 24. Ne1 Rhe8 25. Nc2 Kf7 26. Nd2 d4 27. exd4 exd4 28.
Rxe8 Kxe8 29. cxd4 Nxd4 30. Nxd4 Bxd4 31. Re1+ Kf7 32. Re2 Re8 0-1

[Event "Madrid ch 2023-2024 Final"]
[Site "Madrid ESP"]
[Date "2024.05.25"]
[Round "1.9"]
[White "Torres Rebolledo, Victor"]
[Black "Pashov, Spas Nikolov"]
[Result "1-0"]
[WhiteElo "2214"]
[BlackElo "1893"]
[PlyCount "35"]
[EventDate "2024.05.25"]
[EventType "swiss"]
[EventRounds "7"]
[SourceTitle "Ajedrez en Madrid"]
[Source "lmi"]
[SourceDate "2024.05.25"]
[SourceVersion "1"]
[SourceVersionDate "2024.06.01"]
[SourceQuality "1"]

1. d4 Nf6 2. c4 g6 3. Nc3 d5 4. cxd5 Nxd5 5. e4 Nxc3 6. bxc3 Bg7 7. Bc4 c5 8.
Ne2 O-O 9. O-O cxd4 10. cxd4 Nc6 11. Be3 b6 12. Rc1 Bb7 13. Qd2 Rc8 14. d5 Na5
15. Bd3 Qd7 16. Nd4 Bxd4 17. Bxd4 e6 18. Bf6 1-0

[Event "Madrid ch 2023-2024 Final"]
[Site "Madrid ESP"]
[Date "2024.05.25"]
[Round "1.10"]
[White "Pavon Mestras, Luis"]
[Black "Garcia Dorado, Alberto"]
[Result "0-1"]
[WhiteElo "1885"]
[BlackElo "2199"]
[PlyCount "102"]
[EventDate "2024.05.25"]
[EventType "swiss"]
[EventRounds "7"]
[SourceTitle "Ajedrez en Madrid"]
[Source "lmi"]
[SourceDate "2024.05.25"]
[SourceVersion "1"]
[SourceVersionDate "2024.06.01"]
[SourceQuality "1"]

1. d4 Nf6 2. c4 e6 3. Nc3 d5 4. cxd5 exd5 5. Bg5 c6 6. Qc2 Be7 7. e3 Nbd7 8.
Bd3 Nh5 9. Bxe7 Qxe7 10. Nge2 g6 11. O-O-O Nb6 12. h3 Be6 13. g4 Ng7 14. Ng3 h5
15. Qe2 O-O-O 16. Kb1 Qd7 17. f3 Rde8 18. Qf2 Kb8 19. e4 dxe4 20. Ngxe4 Rd8 21.
Bc2 Qc7 22. Nc5 Nd5 23. Bb3 Nf4 24. Nxe6 fxe6 25. Bc2 Rhf8 26. Ne2 g5 27. Qe3
h4 28. Bb3 Nxe2 29. Qxe2 Rf4 30. Qe5 Qxe5 31. dxe5 Kc7 32. Rxd8 Kxd8 33. Rd1+
Ke7 34. Rd3 Ne8 35. Kc2 Nc7 36. Kd2 Nd5 37. a3 Rf8 38. Bxd5 exd5 39. Re3 Ke6
40. b4 d4 41. Rb3 Kxe5 42. Ke2 Kd5 43. Rb1 Re8+ 44. Kd2 Re3 45. Rg1 b6 46. Rf1
Rxa3 47. f4 gxf4 48. Rxf4 Rxh3 49. g5 Rg3 50. Rxh4 Rxg5 51. Rh7 Kc4 0-1

[Event "Madrid ch 2023-2024 Final"]
[Site "Madrid ESP"]
[Date "2024.05.25"]
[Round "1.11"]
[White "Martinez Fernandez, Raul"]
[Black "Calderon Rojo, Borja"]
[Result "1-0"]
[WhiteElo "2181"]
[BlackElo "1876"]
[PlyCount "107"]
[EventDate "2024.05.25"]
[EventType "swiss"]
[EventRounds "7"]
[SourceTitle "Ajedrez en Madrid"]
[Source "lmi"]
[SourceDate "2024.05.25"]
[SourceVersion "1"]
[SourceVersionDate "2024.06.01"]
[SourceQuality "1"]

1. e4 g6 2. d4 Bg7 3. Nc3 c6 4. Be3 d6 5. Qd2 Nd7 6. h4 e5 7. dxe5 dxe5 8. h5
Ngf6 9. hxg6 hxg6 10. Rxh8+ Bxh8 11. Nf3 Ng4 12. Bg5 Bf6 13. Bc4 Qe7 14. Bxf6
Ndxf6 15. Ng5 Be6 16. Bxe6 fxe6 17. O-O-O Rd8 18. Qxd8+ Qxd8 19. Rxd8+ Kxd8 20.
f3 Ne3 21. Nf7+ Kc7 22. Nxe5 Nxg2 23. Nxg6 Nh5 24. Kd2 Ng3 25. Nd1 Kd6 26. Ne3
Nxe3 27. Kxe3 e5 28. f4 exf4+ 29. Nxf4 Nf1+ 30. Ke2 Nh2 31. Nd3 b6 32. Ke3 c5
33. Kf4 Ke6 34. Ne1 Nf1 35. Nf3 Ke7 36. c4 a6 37. b3 b5 38. e5 bxc4 39. bxc4
Kd7 40. Ke4 Kc6 41. Kd3 Ng3 42. Nd2 Nf5 43. Ke4 Ng3+ 44. Kf4 Ne2+ 45. Kf5 Nd4+
46. Kf6 Kd7 47. Ne4 Ne6 48. Ng5 Nc7 49. Kf7 Kc6 50. Ne6 Na8 51. Nd8+ Kb6 52. e6
Ka5 53. e7 Nc7 54. Ne6 1-0

[Event "Madrid ch 2023-2024 Final"]
[Site "Madrid ESP"]
[Date "2024.05.25"]
[Round "1.12"]
[White "De Vicente Guijarro, Juan"]
[Black "Torres Boch, Jose Francisco"]
[Result "1-0"]
[WhiteElo "1872"]
[BlackElo "2126"]
[PlyCount "83"]
[EventDate "2024.05.25"]
[EventType "swiss"]
[EventRounds "7"]
[SourceTitle "Ajedrez en Madrid"]
[Source "lmi"]
[SourceDate "2024.05.25"]
[SourceVersion "1"]
[SourceVersionDate "2024.06.01"]
[SourceQuality "1"]

1. e4 c5 2. Nf3 d6 3. d4 cxd4 4. Nxd4 Nf6 5. Nc3 a6 6. Be2 e5 7. Nb3 Be7 8. O-O
O-O 9. Re1 b6 10. Bf3 Bb7 11. a4 Nbd7 12. Nd2 Rc8 13. Nf1 Nc5 14. Ng3 g6 15.
Bh6 Re8 16. Qd2 Ne6 17. Nd5 Nxd5 18. exd5 Bg5 19. Bxg5 Qxg5 20. Rad1 Qxd2 21.
Rxd2 Nc5 22. Ne4 Red8 23. Nc3 f5 24. Be2 Kf7 25. Ra1 Nd7 26. Ra3 Rc5 27. b4 Rc7
28. Nd1 Rdc8 29. c4 a5 30. Rb3 Ba6 31. Nb2 e4 32. Kf1 Ke7 33. f3 exf3 34. gxf3
Ne5 35. Re3 f4 36. Rxe5+ dxe5 37. d6+ Ke6 38. dxc7 Rxc7 39. bxa5 bxa5 40. Ke1
Rb7 41. c5 Bxe2 42. Kxe2 1-0

[Event "Madrid ch 2023-2024 Final"]
[Site "Madrid ESP"]
[Date "2024.05.25"]
[Round "1.13"]
[White "Torres Rebolledo, Alvaro"]
[Black "Vukotic Jovsic, Dragan"]
[Result "1-0"]
[WhiteElo "2100"]
[BlackElo "1849"]
[PlyCount "55"]
[EventDate "2024.05.25"]
[EventType "swiss"]
[EventRounds "7"]
[SourceTitle "Ajedrez en Madrid"]
[Source "lmi"]
[SourceDate "2024.05.25"]
[SourceVersion "1"]
[SourceVersionDate "2024.06.01"]
[SourceQuality "1"]

1. e4 e6 2. d4 d5 3. Nd2 dxe4 4. Nxe4 Nf6 5. Nxf6+ Qxf6 6. Nf3 h6 7. Bd3 Nc6 8.
O-O Bd7 9. c3 Bd6 10. Qe2 O-O-O 11. b4 g5 12. b5 Ne7 13. c4 Ng6 14. Bxg6 Qxg6
15. c5 g4 16. Nh4 Qh5 17. cxd6 Qxh4 18. dxc7 Rdg8 19. Bf4 Rg5 20. a4 Rd5 21.
Rab1 f6 22. b6 Ra5 23. bxa7 Rxa7 24. a5 Re8 25. a6 Bc6 26. axb7+ Bxb7 27. Qb5
Re7 28. Qb6 1-0

[Event "Madrid ch 2023-2024 Final"]
[Site "Madrid ESP"]
[Date "2024.05.25"]
[Round "1.14"]
[White "Palomo Monserrat, Lorenzo"]
[Black "Rodriguez Melendez, Juan Humberto"]
[Result "0-1"]
[WhiteElo "1740"]
[BlackElo "2073"]
[PlyCount "86"]
[EventDate "2024.05.25"]
[EventType "swiss"]
[EventRounds "7"]
[SourceTitle "Ajedrez en Madrid"]
[Source "lmi"]
[SourceDate "2024.05.25"]
[SourceVersion "1"]
[SourceVersionDate "2024.06.01"]
[SourceQuality "1"]

1. d4 Nf6 2. c4 g6 3. Nc3 Bg7 4. e4 d6 5. Nf3 O-O 6. Be2 Nbd7 7. O-O e5 8. Re1
Re8 9. Bf1 c6 10. d5 c5 11. a3 Nh5 12. Be3 Nf8 13. Nd2 h6 14. g3 b6 15. Nb3 Nf6
16. h3 N6h7 17. Qd2 Ng5 18. Bg2 Nxh3+ 19. Bxh3 Bxh3 20. Bxh6 Bf6 21. Nd1 Nh7
22. f3 Bg5 23. Bxg5 Nxg5 24. Qe2 Qf6 25. Nd2 Kg7 26. Nf2 Rh8 27. Qe3 Rh5 28.
Nxh3 Nxh3+ 29. Kg2 Rah8 30. Rh1 R8h7 31. Rad1 Qd8 32. Rdf1 Qh8 33. Qe1 Nf4+ 34.
gxf4 Rh2+ 35. Kg3 Rxh1 36. Kf2 R7h2+ 37. Ke3 exf4+ 38. Kd3 Kg8 39. e5 dxe5 40.
d6 e4+ 41. Qxe4 Rxd2+ 42. Kxd2 Qxb2+ 43. Qc2 Rh2+ 0-1

[Event "Madrid ch 2023-2024 Final"]
[Site "Madrid ESP"]
[Date "2024.05.26"]
[Round "2.1"]
[White "Lianes Garcia, Marcos"]
[Black "Martinez Fernandez, Raul"]
[Result "1-0"]
[WhiteElo "2416"]
[BlackElo "2181"]
[PlyCount "96"]
[EventDate "2024.05.25"]
[EventType "swiss"]
[EventRounds "7"]
[SourceTitle "Ajedrez en Madrid"]
[Source "lmi"]
[SourceDate "2024.05.25"]
[SourceVersion "1"]
[SourceVersionDate "2024.06.01"]
[SourceQuality "1"]

1. c4 e6 2. Nf3 Nf6 3. g3 b6 4. Bg2 Bb7 5. O-O Be7 6. d4 O-O 7. Nc3 d5 8. cxd5
exd5 9. Bf4 Nbd7 10. Rc1 a6 11. Qc2 c5 12. dxc5 bxc5 13. Rfd1 d4 14. Na4 Be4
15. Qd2 Rc8 16. b4 cxb4 17. Rxc8 Qxc8 18. Nxd4 Bxg2 19. Kxg2 Nc5 20. Qc2 Qb7+
21. f3 Nxa4 22. Qxa4 Bc5 23. Nb3 Ba7 24. Qa5 Re8 25. Rd8 h6 26. Rxe8+ Nxe8 27.
Bd2 Nc7 28. Qxb4 Qxb4 29. Bxb4 Nd5 30. Bd2 Ne3+ 31. Bxe3 Bxe3 32. f4 f5 33. Kf3
Bb6 34. e4 g6 35. exf5 gxf5 36. g4 fxg4+ 37. Kxg4 Kg7 38. Kf5 Kf7 39. h3 Be3
40. Na5 Ke7 41. Nc4 Bc1 42. a4 Kf7 43. Ne5+ Kg7 44. Nd3 Bd2 45. Ke6 h5 46. f5
a5 47. f6+ Kg6 48. Ne5+ Kh6 1-0

[Event "Madrid ch 2023-2024 Final"]
[Site "Madrid ESP"]
[Date "2024.05.26"]
[Round "2.2"]
[White "Garcia Dorado, Alberto"]
[Black "Martin Duque, Jesus"]
[Result "1/2-1/2"]
[WhiteElo "2199"]
[BlackElo "2343"]
[PlyCount "21"]
[EventDate "2024.05.25"]
[EventType "swiss"]
[EventRounds "7"]
[SourceTitle "Ajedrez en Madrid"]
[Source "lmi"]
[SourceDate "2024.05.25"]
[SourceVersion "1"]
[SourceVersionDate "2024.06.01"]
[SourceQuality "1"]

1. d4 d5 2. c4 e6 3. Nc3 c6 4. e3 Nf6 5. Nf3 Nbd7 6. Qc2 Bd6 7. Be2 O-O 8. O-O
Re8 9. Rd1 Qe7 10. e4 dxe4 11. Nxe4 1/2-1/2

[Event "Madrid ch 2023-2024 Final"]
[Site "Madrid ESP"]
[Date "2024.05.26"]
[Round "2.3"]
[White "Rey Martinez, Jaime"]
[Black "Torres Rebolledo, Alvaro"]
[Result "1-0"]
[WhiteElo "2313"]
[BlackElo "2100"]
[PlyCount "129"]
[EventDate "2024.05.25"]
[EventType "swiss"]
[EventRounds "7"]
[SourceTitle "Ajedrez en Madrid"]
[Source "lmi"]
[SourceDate "2024.05.25"]
[SourceVersion "1"]
[SourceVersionDate "2024.06.01"]
[SourceQuality "1"]

1. e4 c6 2. d4 d5 3. e5 Bf5 4. h4 h5 5. Bd3 Bxd3 6. Qxd3 Qa5+ 7. Nd2 Qa6 8. c4
e6 9. Ngf3 Bb4 10. O-O Ne7 11. Rd1 Nf5 12. b3 Be7 13. g3 Nd7 14. Qc2 O-O 15.
Nf1 dxc4 16. bxc4 Nb6 17. c5 Nd5 18. Bg5 Bxg5 19. Nxg5 b6 20. Ne4 Rfd8 21. Nd6
g6 22. Nh2 bxc5 23. dxc5 Qa3 24. Qb3 Qxc5 25. Nb7 Qb6 26. Nxd8 Rxd8 27. Rac1 c5
28. Nf3 Kg7 29. Rc4 Qc6 30. Ne1 Rd7 31. Rdc1 Qa6 32. Rxc5 Nd4 33. Qc4 Qxc4 34.
R1xc4 Nb6 35. Rb4 Nf5 36. Nf3 Nh6 37. Rd4 Nd5 38. Ra5 Rb7 39. Kf1 Ng4 40. Rd2
Rc7 41. Ra3 Rc1+ 42. Kg2 Rc7 43. Re2 Nb6 44. Nh2 Nh6 45. Ree3 Nd5 46. Re2 Nf5
47. Nf3 Nb6 48. Rd3 Nd5 49. Rb2 Nh6 50. Rdb3 Nb6 51. a4 Nxa4 52. Rb7 Rc4 53.
Ra2 a6 54. Ng5 Kg8 55. Rd2 Rc8 56. Ra7 Nb6 57. Rxa6 Nc4 58. Re2 Rc7 59. Ne4 Kg7
60. Nf6 Re7 61. Ra8 Nb6 62. Rd8 Ng4 63. Rg8+ Kh6 64. Rb8 Nd5 65. Ng8+ 1-0

[Event "Madrid ch 2023-2024 Final"]
[Site "Madrid ESP"]
[Date "2024.05.26"]
[Round "2.4"]
[White "Rodriguez Melendez, Juan Humberto"]
[Black "Alfaya Marcelo, Roberto"]
[Result "0-1"]
[WhiteElo "2073"]
[BlackElo "2265"]
[PlyCount "70"]
[EventDate "2024.05.25"]
[EventType "swiss"]
[EventRounds "7"]
[SourceTitle "Ajedrez en Madrid"]
[Source "lmi"]
[SourceDate "2024.05.25"]
[SourceVersion "1"]
[SourceVersionDate "2024.06.01"]
[SourceQuality "1"]

1. e4 c5 2. Nf3 e6 3. d4 cxd4 4. Nxd4 Nc6 5. Nc3 Qc7 6. Be3 a6 7. Qd2 Nf6 8. f3
Be7 9. g4 b5 10. O-O-O Nxd4 11. Qxd4 Bb7 12. g5 Nh5 13. Ne2 Rc8 14. Rd2 d5 15.
e5 Qa5 16. Kb1 g6 17. Bh3 O-O 18. Bg4 Ng7 19. Qd3 d4 20. Nxd4 Bd5 21. Nb3 Qc7
22. Bf4 Rfd8 23. Qe2 Qb7 24. h4 a5 25. Nd4 Bc4 26. Qh2 Nh5 27. Be3 a4 28. Bxh5
gxh5 29. f4 a3 30. b3 Bd5 31. Rf1 Bb4 32. Rdd1 Be4 33. Rf2 Qc7 34. Bc1 Qc3 35.
Rfd2 Rxd4 0-1

[Event "Madrid ch 2023-2024 Final"]
[Site "Madrid ESP"]
[Date "2024.05.26"]
[Round "2.5"]
[White "Horcajuelo Rocamora, Martin"]
[Black "De Vicente Guijarro, Juan"]
[Result "1-0"]
[WhiteElo "2242"]
[BlackElo "1872"]
[PlyCount "107"]
[EventDate "2024.05.25"]
[EventType "swiss"]
[EventRounds "7"]
[SourceTitle "Ajedrez en Madrid"]
[Source "lmi"]
[SourceDate "2024.05.25"]
[SourceVersion "1"]
[SourceVersionDate "2024.06.01"]
[SourceQuality "1"]

1. d4 Nf6 2. c4 e6 3. Nf3 d5 4. Nc3 Be7 5. g3 O-O 6. Bg2 dxc4 7. Ne5 c5 8. dxc5
Qxd1+ 9. Nxd1 Bxc5 10. Ne3 c3 11. bxc3 Na6 12. O-O Rb8 13. Nd3 Be7 14. Nc4 Nd5
15. Bd2 Bd7 16. Nce5 Be8 17. c4 Ndc7 18. Rab1 f6 19. Nf3 e5 20. Nh4 b6 21. Nf5
Bc5 22. Nxc5 Nxc5 23. Be3 N7e6 24. Ne7+ Kf7 25. Nc6 Bxc6 26. Bxc6 Rfd8 27. Bd5
Ke7 28. Rb5 Nc7 29. Bxc5+ bxc5 30. Rxc5 Nxd5 31. cxd5 Rb2 32. Ra5 Rxe2 33.
Rxa7+ Rd7 34. Rxd7+ Kxd7 35. Ra1 Rd2 36. a4 Rxd5 37. a5 Kc8 38. a6 Kb8 39. Rb1+
Ka8 40. Rb7 Rd6 41. Rxg7 Rxa6 42. Rxh7 Kb8 43. Rd7 Kc8 44. Rd2 Kc7 45. h4 Ra4
46. Kg2 Rb4 47. h5 Kc6 48. Kh3 f5 49. h6 Kc5 50. h7 Rb8 51. Kh4 Rh8 52. Rd7 Kc6
53. Ra7 Kd6 54. Kh5 1-0

[Event "Madrid ch 2023-2024 Final"]
[Site "Madrid ESP"]
[Date "2024.05.26"]
[Round "2.6"]
[White "Vioque Gonzalez, Nicolas"]
[Black "Torres Rebolledo, Victor"]
[Result "0-1"]
[WhiteElo "2045"]
[BlackElo "2214"]
[PlyCount "70"]
[EventDate "2024.05.25"]
[EventType "swiss"]
[EventRounds "7"]
[SourceTitle "Ajedrez en Madrid"]
[Source "lmi"]
[SourceDate "2024.05.25"]
[SourceVersion "1"]
[SourceVersionDate "2024.06.01"]
[SourceQuality "1"]

1. d4 d5 2. Nc3 c6 3. Bg5 Qb6 4. Rb1 f6 5. Bh4 e5 6. e3 Nd7 7. Nf3 h5 8. Bg3 g5
9. h4 g4 10. Nd2 Qd8 11. Nb3 a5 12. a4 Bb4 13. Be2 Nh6 14. Qd3 e4 15. Qd1 Nf5
16. Bf4 Nf8 17. g3 Bd6 18. Qd2 Bxf4 19. exf4 Ne6 20. O-O Kf7 21. Kg2 Qd6 22.
Rh1 Bd7 23. Rbd1 Rhb8 24. Nc5 Nxc5 25. dxc5 Qe7 26. Bc4 Be6 27. Bb3 d4 28.
Bxe6+ Qxe6 29. Ne2 Rd8 30. Rhe1 e3 31. Qd3 Qd5+ 32. Kh2 Kg7 33. c3 exf2 34. Rf1
Ne3 35. Nxd4 Qg2# 0-1

[Event "Madrid ch 2023-2024 Final"]
[Site "Madrid ESP"]
[Date "2024.05.26"]
[Round "2.7"]
[White "Martin Rodriguez, Emilio"]
[Black "Bravo De La Vega, Alvaro"]
[Result "1/2-1/2"]
[WhiteElo "2037"]
[BlackElo "2027"]
[PlyCount "65"]
[EventDate "2024.05.25"]
[EventType "swiss"]
[EventRounds "7"]
[SourceTitle "Ajedrez en Madrid"]
[Source "lmi"]
[SourceDate "2024.05.25"]
[SourceVersion "1"]
[SourceVersionDate "2024.06.01"]
[SourceQuality "1"]

1. d4 Nf6 2. Nf3 d5 3. Bg5 Ne4 4. Bh4 c5 5. e3 Qb6 6. Nc3 Nxc3 7. bxc3 Qa5 8.
Qd2 Nc6 9. c4 Qxd2+ 10. Kxd2 cxd4 11. cxd5 dxe3+ 12. fxe3 Na5 13. Ne5 a6 14. e4
f6 15. Nf3 e5 16. Bf2 Bb4+ 17. c3 Be7 18. Bb6 Bd8 19. Rb1 Bxb6 20. Rxb6 Bd7 21.
Bd3 Rc8 22. Rc1 Ke7 23. Ne1 Rc5 24. Nc2 Rhc8 25. Ne3 Kd8 26. c4 R8c7 27. Rc2
Kc8 28. g4 Kb8 29. Rb4 Ka7 30. Rcb2 Rc8 31. Rb1 R8c7 32. R1b2 Rc8 33. Rb1
1/2-1/2